History by Images - 'X' - Statistics

General Stats
  • This quiz has been taken 33 times
  • The average score is 4 of 10
Answer Stats
Picture Hint Answer % Correct
Persian ruler Xerxes I
97%
One of China's ancient capitals Xi'an
75%
Radiation discovered by him X-Ray
75%
Founded in 1906 Xerox
47%
Shangdu Xanadu
44%
From the Niger-Congo family Xhosa
41%
Greek military leader Xenophon
25%
Diplomatic incident leading to Quasi War XYZ Affair
13%
Greek philosopher Xenophanes
3%
'Flower Prince' Aztec deity Xochipilli
0%
No matching quizzes found
Score Distribution
Percent of People with Each Score
Percentile by Number Answered
Your Score History
You have not taken this quiz